000 00565nam a22001697a 4500
003 OSt
005 20240930145231.0
008 240930b |||||||| |||| 00| 0 eng d
040 _c0
082 _aDPer 050 R22 2000 June -December 2023 v123 no. 7124-728
100 _aSyed, Muniruddin.
_eauthor.
_961815
245 _aMy story :
_bthe paper delivery boy /
_cMuniruddin Syed.
260 _aTaipei ;
_bReader's Digest Asia,
_cSeptember 2023.
300 _aVolume 123, pages 10-11,
_billustration.
700 _aSyed, Muniruddin.
_eauthor.
_961815
942 _2ddc
_cPER
999 _c21995
_d21995